banner koha

Uso de reguladores de crescimento e raleio manual de frutos em tangerineira (Citrus deliciosa Tenore)cv. Montenegrina (Registro n. 317855)

MARC details
000 -LÍDER
campo de controle de tamanho fixo 01725naa a22003497a 4500
001 - NÚMERO DE CONTROLE
campo de controle BR8602764
003 - IDENTIFICADOR DO NÚMERO DE CONTROLE
campo de controle BR-BrBNA
005 - DATA E HORÁRIO DA ÚLTIMA TRANSAÇÃO
campo de controle 20240918175717.0
007 - CAMPO FIXO DE DESCRIÇÃO FÍSICA--INFORMAÇÃO GERAL
campo de controle de tamanho fixo ta
008 - CAMPO DE DADOS FIXOS--INFORMAÇÃO GERAL
campo de controle de tamanho fixo 230509b bl.||||| |||| 00| 0 por d
040 ## - FONTE DA CATALOGAÇÃO
Instituição da catalogação original BR-BrBNA
Idioma da catalogação por
Instituição que transcreveu o registro Biblioteca Nacional de Agricultura
041 ## - CÓDIGO DE IDIOMA
Código do idioma do texto/trilha sonora ou título diferente (Pt)
072 ## - CÓDIGO DE CATEGORIA DE ASSUNTO
Código de Categoria de Assunto F01
Código do objeto 1050
-- 3600
090 ## - NÚMERO DE CHAMADA LOCAL
Número de chamada F01 BR8602764
100 1# - ENTRADA PRINCIPAL--NOME PESSOAL
Nome pessoal Marodin, G.A.B.
100 1# - ENTRADA PRINCIPAL--NOME PESSOAL
Nome pessoal Koller, O.C.
100 1# - ENTRADA PRINCIPAL--NOME PESSOAL
Nome pessoal Manica, I.
100 1# - ENTRADA PRINCIPAL--NOME PESSOAL
Nome pessoal Barros, I.B.I. de
100 1# - ENTRADA PRINCIPAL--NOME PESSOAL
Nome pessoal Schwarz, S.F.
111 1# - ENTRADA PRINCIPAL--NOME DO EVENTO
Nome do evento ou lugar 8. Congresso Brasileiro de Fruticultura
Local do evento Brasilia, DF (Brazil)
Data do evento ou assinatura do tratado 26-31 Jan 1986
245 1# - TÍTULO
Título Uso de reguladores de crescimento e raleio manual de frutos em tangerineira (Citrus deliciosa Tenore)cv. Montenegrina
246 1# - FORMA VARIANTE DO TÍTULO
Título/título abreviado The use of growth regulators and manual thinning of mandarins (Citrus deliciosa Tenore)cv. Montenegrina
246 1# - FORMA VARIANTE DO TÍTULO
Título/título abreviado [Annals of the 8. Brazilian Congress of Fruitculture. v. 1]
260 3# - PUBLICAÇÃO, DISTRIBUIÇÃO, ETC.
Local de publicação, distribuição, etc. Brasilia, DF (Brasil):
Nome do editor, distribuidor, etc. EMBRAPA. DDT,
Data da publicação, distribuição, etc. 1986.
500 ## - NOTA GERAL
Nota geral Pinto, A.C. de Q.; Genu, P.J. de C. (eds.)<br/>Anais do 8. Congresso Brasileiro de Fruticultura. v. 1<br/>Brasilia, DF (Brasil): EMBRAPA. DDT, 1986. p. 207-213<br/>(BR8602764-AM)F01<br/>
650 ## - ASSUNTO--TERMO TÓPICO
Cabeçalho tópico ou nome geográfico TANGERINA
650 ## - ASSUNTO--TERMO TÓPICO
Cabeçalho tópico ou nome geográfico REGULADOR DE CRESCIMENTO
650 ## - ASSUNTO--TERMO TÓPICO
Cabeçalho tópico ou nome geográfico PRATICA CULTURAL
773 0# - ENTRADA ANALÍTICA
Título Anais do 8. Congresso Brasileiro de Fruticultura. v. 1
Entrada principal Pinto, A.C. de Q.; Genu, P.J. de C. (eds.). Sociedade Brasileira de Fruticultura, Brasilia, DF (Brasil);Empresa Brasileira de Pesquisa Agropecuaria, Brasilia, DF (Brasil);Conselho Nacional de Desenvolvimento Cientifico e Tecnologico, Brasilia, DF (Brasil)
Número de controle do registro F01 BR8602764
Partes relacionadas Brasilia, DF (Brasil), 1986. p. 207-213
909 ## -
-- 202404
-- Lucia
-- 55
-- Lucia Elande
942 ## - ELEMENTOS DE ENTRADA ADICIONADOS (KOHA)
Tipo de material Koha Capítulo-Livro
Fonte da classificação ou esquema de arquivamento na estante Classificação AGRIS
Exemplares
Situação do descarte Fonte da classificação ou esquema de arquivamento na estante Situação física Não pode ser emprestado Coleção Biblioteca de origem Biblioteca atual Localização na estante Total de empréstimos Número de telefone completo Data de último acesso Número do exemplar Tipo de material Koha Situação das perdas Data de aquisição Fonte de aquisição
  Classificação AGRIS       Biblioteca Nacional de Agricultura - Binagri Biblioteca Nacional de Agricultura - Binagri Agrobase - Acervo Geral   5300 BR9800186 20/05/2024 01 Capítulo-Livro   2024-04-11 Portaria Interministerial nº 164/94

BINAGRI

Telefone: (61)3218-2567/2388/3357/2097 - binagri@agro.gov.br

Ministério da Agricultura e Pecuária , Esplanada dos Ministérios, Bloco D, Anexo B, Brasília/DF, CEP: 70.043-900